Statistics for Which Word Fits? - Multiple Choice

Click here to take the quiz!

General Stats

  • This quiz has been taken 2,442 times
  • The average score is 22 of 25

Answer Stats

QuestionAnswer% Correct
She is going to meet me _____ the car later.by
97%
The family were sorting _____ socks after they had been washed.their
97%
Julia purchased a _____ block to hold her door open.weighted
97%
I can't believe _____ actually doing this.we're
97%
Due to snowfall, _____ unable to pass through here.you're
97%
The sand was particularly _____ todaycoarse
96%
This quiz is newer _____ that quiz.than
96%
In the end, _____ not very useful.they're
96%
The burden was _____ much to endure.too
96%
The car _____ works best when it is dry outside.brake
94%
Henry changed his mind after he _____ the wrong option.chose
94%
He shouldn't _____ done that!have
93%
Karen doesn't like to _____ a game of football.lose
93%
Gordon was a man of _____ because he never broke the rules.principle
91%
In the store, __ 1 __ parents can't find where __ 2 __ going.1 - their
2 - they're
90%
Those were the policies that _____ to disaster.led
90%
After the crash, James was badly _____ by the incident.affected
87%
Polly wanted to know _____ sandwich this is.whose
87%
The Police broke down the door, ripping __ 1 __ hinges off. They told the homeowners "__ 2 __ nothing personal".1 - its
2 - it's
83%
David makes _____ grammatical mistakes than the average person.fewer
83%
__ 1 __ and __ 2 __ went to the store.1 - my dad
2 - I
80%
That wine is the perfect _____ to the meal.complement
70%
A rich _____ of iron ore was found in the mines.vein
69%
Despite this, _____ in mind that we have to go soon.bear
63%
Rachel made a _____ exit out the back door.discreet
59%

Score Distribution

Percentile by Number Answered

Percent of People with Each Score

Your Score History

You have not taken this quiz